000 02103nam a2200337 a 4500
005 20091212101810.0
008 060711r20081994mnua j 000 1 eng
010 _aB-384994-999
020 _a9781846470172
_c110.00
035 _aB-384994-999
037 _bBlueberry Books
040 _adpl
_bEnglish
082 _aS
100 _aRodda, Emily
245 _aThe water sprits /
_cby Emily Rodda
260 _aLondon
_bCatnip Books
_c2006
270 _aIslington Business Centre, 3-5 Islington High Street,
_bLondon
300 _a89 p.
_c20cm(pbk)
490 _aFairy realm ;
_vbook. 8
500 _aSequel: The flower fairies.
500 _a"Originally published under the name Mary-Anne Dickinson as the Storytelling charms series, 1994"--Copyright p.
520 _aWhen Jessie searches for her ill grandmother's missing charm bracelet, she is led to a magical world and finds she has a reason and right to be there.
942 _2ddc
_cCH
_hS
_mROD
999 _c32592
_d32592